The geology and mineral resources of the neighbourhood of Kuala Selangor and Rasa, Selangor, Federation of Malaya, with an account of the geology of Batu Arang coal-field

Bibliographic Details
Main Author: ROE
Format: Book
Published: [Kuala Lumpur : Geological Survey Department , 1953]
Series:Geological Survey Dept. Memoir ; no. 7
Subjects:

MARC

LEADER 00000cam a2200000 7i4500
001 0000002765
005 20040108.0
090 0 0 |a R555.951115   |b ROE 1953 
100 1 0 |a ROE   |h Frank Walton 
245 1 4 |a The geology and mineral resources of the neighbourhood of Kuala Selangor and Rasa, Selangor, Federation of Malaya, with an account of the geology of Batu Arang coal-field   |c by F. W. Roe 
260 0 0 |a [Kuala Lumpur :   |b Geological Survey Department ,   |c 1953] 
300 |a x, 163 p. :   |b ill., maps (part fold., 2 col. in pocket) tables ;   |c 27 cm. 
440 0 0 |a Geological Survey Dept. Memoir ; no. 7 
650 0 0 |a Geology   |z Malaya   |z Selangor 
650 0 0 |a Mines and mineral resources   |z Malaya   |z Selangor 
998 |a JPSM 
999 |a 0000004402   |b Monograph   |c Reference   |e Default branch